| 000 | 01038nam a22002897a 4500 | ||
|---|---|---|---|
| 001 | 9328 | ||
| 003 | FISKH | ||
| 005 | 20251211085511.0 | ||
| 008 | 251211b cb ||||| |||| 00| 0 eng d | ||
| 020 | _a9780439900102 | ||
| 040 |
_aFISKH _beng _cFISKH _dFISKH |
||
| 050 | _aSB347 .F38 | ||
| 082 | _a635.62 | ||
| 100 |
_aFaulkner, Megan _eAuthor |
||
| 245 |
_aA day at the pumpkin patch / _cText by Megan Faulkner ; Photographs by Adam Krawesky |
||
| 260 |
_aNew York : _bScholastic Inc. , _c2006 |
||
| 300 |
_a30 pages : _bphotographs ; _c21 x 26 cm |
||
| 505 | _aG | ||
| 520 | _aA group of children explore and enjoy nature's autumn bounty, including apples, raspberries, gourds, and pumpkins, on a day at a pumpkin patch; describes the parts of a pumpkin and how pumpkins grow. | ||
| 521 | 8 |
_a400
_bLexile estimate |
|
| 521 | 8 |
_aG
_bRaz-Plus |
|
| 650 |
_aPumpkin patch _vPumpkins |
||
| 650 |
_aPumpkin life cycle _vParts of a pumpkin |
||
| 700 |
_aKrawesky, Adam _ePhotographer |
||
| 942 |
_2ddc _cBK _n0 |
||
| 999 |
_c9328 _d9328 |
||